000 01532nam a22003615a 4500
001 60335
003 CO-BoRNBP
005 20260123150100.0
007 ta
008 211019s2017 ck a gr 000 0 spa d
020 _a9789585418202
040 _aCO-BoBLA
_bspa
_cCO-BoBLA
_erda
041 0 _aspa
043 _as-ck---
082 0 4 _a560.45
_bI57h
_221 ed.
110 2 _aInstituto de Investigación de Recursos Biológicos Alexander von Humboldt.
_968334
245 1 0 _aHace tiempo :
_bun viaje paleontológico ilustrado por Colombia /
_cInstituto de Investigación de Recursos Biológicos Alexander Von Humboldt ; editores Carlos Jaramillo, Luz Elena Oviedo ; ilustración Guillermo Torres Carreño.
250 _a1a. edición
264 4 _aBogotá, :
_bInstituto de Investigación de Recursos Biológicos Alexander Von Humboldt,
_c2017.
300 _a127 páginas :
_bilustraciones a color ;
_c32 cm.
336 _atexto
_btxt [
_2rdacontent]
337 _asin mediación
_bn [
_2rdamedia]
338 _avolumen
_bnc [
_2rdacarrier]
650 7 _aPaleontología en Colombia.
_2BLAAUTO
_968335
650 7 _aPaleoecología
_z Colombia.
_2BLAAUTO
_968336
650 7 _aAnimales fósiles
_z Colombia.
_2BLAAUTO
_968337
650 7 _aTransmutación de animales
_z Colombia.
_2BLAAUTO
_968338
700 1 _aJaramillo, Carlos,
_eedición.
_968339
700 1 _aOviedo Villegas, Luz Helena,
_eedición.
_962939
700 1 _aTorres Carreño, Guillermo Andrés,
_eilustración.
_966104
942 _2ddc
_cBK
949 _ac
_bc
999 _c60335
_d60335